Top 10 des plus gros neuille de la promo - Statistiques

Statistiques générales
  • Ce quiz a été pris 10 fois
  • Le résultat moyen est 2 sur 10
Statistiques - réponses
Réponse % Correct
Lucas
100%
Mattieu
33%
Loverick
17%
Stonerick
17%
Tristana
17%
Cyrian le détraqué
0%
Footrick
0%
Justin
0%
Le goat
0%
Le goblin
0%
Aucun quiz correspondant
Distribution des résultats
% des personnes avec chaque résultat
Percentile par nombre de réponses
Votre historique - résultats
Vous n’avez pas pris ce quiz